[Event "DFMMLV 2019"]
[Site "Braunfels"]
[Date "2019.06.23"]
[Round "5.15"]
[White "Doll, Rebecca"]
[Black "Spiel, Marianne"]
[Result "1/2-1/2"]
[WhiteElo "1678"]
[BlackElo "1894"]
[Annotator "NA"]
[PlyCount "60"]
[EventDate "2019.06.20"]
[EventType "team-tourn"]
[EventCountry "GER"]
[SourceTitle "playchess.com"]
[Source "ChessBase"]
[SourceQuality "1"]
[WhiteTeam "Baden"]
[BlackTeam "Bayern 1"]
[TimeControl "40/5400+30:1800+30"]

1. e4 {[%emt 0:00:00]} e6 {[%emt 0:00:00]} 2. d4 {[%emt 0:00:00]} d5 {[%emt 0:00:00]} 3. Nd2 {[%emt 0:00:00]} Nf6 {[%emt 0:00:00]} 4. e5 {[%emt 0:00:08]} Nfd7 {[%emt 0:00:30]} 5. Bd3 {[%emt 0:00:23]} c5 {[%emt 0:00:00]} 6. c3 {[%emt 0:00:18]} Nc6 {[%emt 0:00:00]} 7. Ne2 {[%emt 0:00:10]} cxd4 {[%emt 0:00:24]} 8. cxd4 {[%emt 0:03:08]} f6 {[%emt 0:00:37]} 9. exf6 {[%emt 0:00:16]} Nxf6 {[%emt 0:00:08]} 10. O-O {[%emt 0:01:05]} Bd6 {[%emt 0:00:20]} 11. Nf3 {[%emt 0:05:08]} O-O {[%emt 0:00:52]} 12. h3 {[%emt 0:02:44]} Qc7 {[%emt 0:05:03]} 13. Be3 {[%emt 0:01:31]} Bd7 {[%emt 0:18:00]} 14. Rc1 {[%emt 0:05:55]} Be8 {[%emt 0:16:32]} 15. Ng5 {[%emt 0:05:03]} Qe7 {[%emt 0:01:51]} 16. Re1 {[%emt 0:10:22]} h6 {[%emt 0:06:03]} 17. Nf3 {[%emt 0:00:51]} Bh5 {[%emt 0:01:40]} 18. Ng3 {[%emt 0:04:50]} Bxf3 {[%emt 0:19:24]} 19. Qxf3 {[%emt 0:02:34]} Ne4 {[%emt 0:02:04]} 20. Qg4 {[%emt 0:00:48]} Nxg3 {[%emt 0:00:40]} 21. fxg3 {[%emt 0:00:20]} Rf6 {[%emt 0:02:00]} 22. a3 {[%emt 0:06:25]} Raf8 {[%emt 0:04:33]} 23. Rf1 {[%emt 0:03:03]} Rxf1+ {[%emt 0:00:22]} 24. Rxf1 {[%emt 0:00:40]} Rxf1+ {[%emt 0:00:18]} 25. Kxf1 {[%emt 0:00:59]} Qf6+ {[%emt 0:00:18]} 26. Ke2 {[%emt 0:01:20]} Ne7 {[%emt 0:01:20]} 27. Qf3 {[%emt 0:04:26]} Nf5 {[%emt 0:01:09]} 28. Bxf5 {[%emt 0:00:24]} Qxf5 {[%emt 0:00:04]} 29. Qxf5 {[%emt 0:00:27]} exf5 {[%emt 0:01:24]} 30. Bf4 Bxf4 1/2-1/2

[Event "DFMMLV 2019"]
[Site "Braunfels"]
[Date "2019.06.23"]
[Round "5.16"]
[White "Albayrak, Aylin"]
[Black "Landenberger, Anja Kathrin"]
[Result "0-1"]
[WhiteElo "1720"]
[BlackElo "1781"]
[Annotator "NA"]
[PlyCount "98"]
[EventDate "2019.06.20"]
[EventType "team-tourn"]
[EventCountry "GER"]
[SourceTitle "playchess.com"]
[Source "ChessBase"]
[SourceQuality "1"]
[WhiteTeam "Bayern 1"]
[BlackTeam "Baden"]
[TimeControl "40/5400+30:1800+30"]

1. d4 {[%emt 0:00:00]} Nf6 {[%emt 0:02:54]} 2. c4 {[%emt 0:00:00]} c6 {[%emt 0:03:08]} 3. Nc3 {[%emt 0:00:08]} d5 {[%emt 0:00:19]} 4. Bg5 {[%emt 0:00:50]} e6 {[%emt 0:03:35]} 5. Nf3 {[%emt 0:01:06]} Be7 {[%emt 0:02:09]} 6. e3 {[%emt 0:00:48]} O-O {[%emt 0:00:19]} 7. Bd3 {[%emt 0:00:19]} Nbd7 {[%emt 0:01:33]} 8. O-O {[%emt 0:00:55]} Re8 {[%emt 0:03:17]} 9. Re1 {[%emt 0:01:05]} Qc7 {[%emt 0:09:09]} 10. Rc1 {[%emt 0:00:42]} h6 {[%emt 0:12:49]} 11. Bh4 {[%emt 0:03:26]} dxc4 {[%emt 0:12:40]} 12. Bxc4 {[%emt 0:00:38]} Qa5 {[%emt 0:05:38]} 13. Qd3 {[%emt 0:10:28]} Nb6 {[%emt 0:08:47]} 14. Bb3 {[%emt 0:01:03]} Nbd5 {[%emt 0:01:06]} 15. a3 {[%emt 0:05:47]} Nxc3 {[%emt 0:08:00]} 16. Rxc3 {[%emt 0:03:34]} Nd5 {[%emt 0:00:35]} 17. Bc2 {[%emt 0:00:34]} Bxh4 {[%emt 0:00:59]} 18. Rc5 {[%emt 0:04:00]} Qd8 {[%emt 0:01:49]} 19. Qh7+ {[%emt 0:01:00]} Kf8 {[%emt 0:00:11]} 20. Qh8+ {[%emt 0:01:06]} Ke7 {[%emt 0:00:09]} 21. Qxg7 {[%emt 0:02:37]} Bf6 {[%emt 0:02:40]} 22. Qg3 {[%emt 0:07:46]} Rg8 {[%emt 0:01:24]} 23. Qh3 {[%emt 0:00:51]} Qf8 {[%emt 0:02:45]} 24. Ne5 {[%emt 0:05:39]} Qg7 {[%emt 0:02:58]} 25. f4 {[%emt 0:08:46]} Bxe5 {[%emt 0:01:47]} 26. dxe5 {[%emt 0:03:55]} Qg4 {[%emt 0:00:29]} 27. Qxg4 {[%emt 0:01:07]} Rxg4 {[%emt 0:00:03]} 28. Kf2 {[%emt 0:01:37]} Bd7 {[%emt 0:00:46]} 29. h3 {[%emt 0:00:59]} Rg7 {[%emt 0:03:50]} 30. Kf3 {[%emt 0:02:52]} Rag8 {[%emt 0:00:58]} 31. g4 {[%emt 0:00:31]} b6 {[%emt 0:06:17]} 32. Rc4 {[%emt 0:00:28]} c5 {[%emt 0:00:08]} 33. e4 {[%emt 0:01:07]} Bb5 {[%emt 0:00:54]} 34. exd5 {[%emt 0:02:41]} Bxc4 {[%emt 0:00:05]} 35. d6+ {[%emt 0:00:40]} Kd7 {[%emt 0:00:30]} 36. Ba4+ {[%emt 0:01:54]} b5 {[%emt 0:00:19]} 37. Bc2 {[%emt 0:00:13]} Bd5+ {[%emt 0:00:11]} 38. Ke3 {[%emt 0:01:01]} f6 {[%emt 0:02:43]} 39. Be4 {[%emt 0:01:48]} fxe5 {[%emt 0:00:25]} 40. fxe5 {[%emt 0:00:38]} Bxe4 {[%emt 0:00:57]} 41. Kxe4 {[%emt 0:30:03]} h5 {[%emt 0:30:43]} 42. Rc1 {[%emt 0:00:28]} c4 {[%emt 0:00:00]} 43. b3 {[%emt 0:00:00]} cxb3 {[%emt 0:00:00]} 44. Rb1 {[%emt 0:00:00]} hxg4 {[%emt 0:00:00]} 45. Rxb3 {[%emt 0:00:00]} g3 {[%emt 0:00:00]} 46. Rb1 {[%emt 0:00:00]} g2 {[%emt 0:00:00]} 47. Rg1 {[%emt 0:00:00]} Rg3 {[%emt 0:00:00]} 48. Kd4 {[%emt 0:00:00]} Rxh3 {[%emt 0:00:00]} 49. Kc5 {[%emt 0:00:00]} Rh1 {[%emt 0:00:00]} 0-1

[Event "DFMMLV 2019"]
[Site "Braunfels"]
[Date "2019.06.23"]
[Round "5.17"]
[White "Froehlich, Franziska"]
[Black "Braeutigam, Irina"]
[Result "0-1"]
[WhiteElo "1820"]
[BlackElo "1973"]
[Annotator "NA"]
[PlyCount "24"]
[EventDate "2019.06.20"]
[EventType "team-tourn"]
[EventCountry "GER"]
[SourceTitle "playchess.com"]
[Source "ChessBase"]
[SourceQuality "1"]
[WhiteTeam "Wuerttemberg 2"]
[BlackTeam "Schleswig Holstein"]
[TimeControl "40/5400+30:1800+30"]

1. e4 {[%emt 0:00:00]} c5 {[%emt 0:00:00]} 2. c3 {[%emt 0:00:00]} d5 {[%emt 0:00:12]} 3. exd5 {[%emt 0:00:04]} Qxd5 {[%emt 0:00:04]} 4. d4 {[%emt 0:00:07]} Nc6 {[%emt 0:00:05]} 5. Nf3 {[%emt 0:00:12]} Bf5 {[%emt 0:00:36]} 6. Na3 {[%emt 0:00:44]} cxd4 {[%emt 0:02:22]} 7. Nb5 {[%emt 0:06:05]} O-O-O {[%emt 0:06:04]} 8. cxd4 {[%emt 0:13:45]} e5 {[%emt 0:10:07]} 9. Nc3 {[%emt 0:03:29]} Qa5 {[%emt 0:10:48]} 10. Bd2 {[%emt 0:17:55]} exd4 {[%emt 0:08:24]} 11. Nb5 {[%emt 0:05:06]} Re8+ {[%emt 0:03:11]} 12. Be2 {[%emt 0:01:26]} Qxb5 {[%emt 0:00:15]} 0-1

[Event "DFMMLV 2019"]
[Site "Braunfels"]
[Date "2019.06.23"]
[Round "5.18"]
[White "Glinzner, Alva"]
[Black "Yi, Wendy"]
[Result "1-0"]
[WhiteElo "1833"]
[BlackElo "1820"]
[Annotator "NA"]
[PlyCount "45"]
[EventDate "2019.06.20"]
[EventType "team-tourn"]
[EventCountry "GER"]
[SourceTitle "playchess.com"]
[Source "ChessBase"]
[SourceQuality "1"]
[WhiteTeam "Schleswig Holstein"]
[BlackTeam "Wuerttemberg 2"]
[TimeControl "40/5400+30:1800+30"]

1. e4 {[%emt 0:00:00]} e5 {[%emt 0:00:00]} 2. Nf3 {[%emt 0:00:00]} Nc6 {[%emt 0:00:00]} 3. Bb5 {[%emt 0:00:00]} a6 {[%emt 0:00:12]} 4. Bxc6 {[%emt 0:00:01]} dxc6 {[%emt 0:00:46]} 5. O-O {[%emt 0:00:17]} Bg4 {[%emt 0:06:35]} 6. h3 {[%emt 0:00:16]} Bxf3 {[%emt 0:00:10]} 7. Qxf3 {[%emt 0:00:12]} Bd6 {[%emt 0:05:58]} 8. d3 {[%emt 0:00:52]} Qf6 {[%emt 0:02:22]} 9. Qg3 {[%emt 0:04:38]} Ne7 {[%emt 0:05:15]} 10. Nd2 {[%emt 0:01:02]} Ng6 {[%emt 0:07:36]} 11. Nc4 {[%emt 0:01:54]} h6 {[%emt 0:06:38]} 12. Ne3 {[%emt 0:05:34]} Nf4 {[%emt 0:04:58]} 13. Qf3 {[%emt 0:00:49]} h5 {[%emt 0:10:44]} 14. Nf5 {[%emt 0:11:58]} g6 {[%emt 0:02:47]} 15. Nxd6+ {[%emt 0:05:34]} cxd6 {[%emt 0:00:15]} 16. h4 {[%emt 0:05:26]} Qxh4 {[%emt 0:12:13]} 17. g3 {[%emt 0:01:08]} Nh3+ {[%emt 0:00:13]} 18. Kg2 {[%emt 0:00:07]} Qg4 {[%emt 0:00:29]} 19. Qf6 {[%emt 0:02:20]} Nf4+ {[%emt 0:03:53]} 20. Bxf4 {[%emt 0:01:51]} exf4 {[%emt 0:00:16]} 21. Qxh8+ {[%emt 0:01:56]} Ke7 {[%emt 0:00:27]} 22. Qxa8 {[%emt 0:00:22]} f3+ {[%emt 0:00:28]} 23. Kh2 {[%emt 0:00:03]} 1-0

[Event "DFMMLV 2019"]
[Site "Braunfels"]
[Date "2019.06.23"]
[Round "5.19"]
[White "Lederer, Leia"]
[Black "Leib, Britta"]
[Result "1-0"]
[WhiteElo "1728"]
[BlackElo "1884"]
[Annotator "NA RC"]
[PlyCount "115"]
[EventDate "2019.06.20"]
[EventType "team-tourn"]
[EventCountry "GER"]
[SourceTitle "playchess.com"]
[Source "ChessBase"]
[SourceQuality "1"]
[WhiteTeam "Wuerttemberg 2"]
[BlackTeam "Schleswig Holstein"]
[TimeControl "40/5400+30:1800+30"]

1. e4 {[%emt 0:00:00]} e6 {[%emt 0:00:00]} 2. d4 {[%emt 0:00:00]} d5 {[%emt 0:00:00]} 3. e5 {[%emt 0:00:03]} c5 {[%emt 0:00:03]} 4. Nf3 {[%emt 0:00:14]} cxd4 {[%emt 0:05:01]} 5. Nxd4 {[%emt 0:01:02]} Nc6 {[%emt 0:00:43]} 6. Nf3 {[%emt 0:10:18] C02: French: Advance Variation} (6. Nxc6 bxc6 7. Bd3 Ne7 8. Nd2 Ng6 9. Nf3 Be7 10. Qe2 c5 11. c4 Bb7 12. O-O O-O 13. Bd2 dxc4 14. Bxc4 Bxf3 15. gxf3 Bg5 16. Be3 Bf4 17. Rfc1 Qh4 18. Bxf4 Nxf4 19. Qe3 Qg5+ 20. Kf1 Rad8 21. Rd1 Qg2+ {0-1 (21) Bastian,H (2351)-Khenkin,I (2597) Bad Liebenzell 2010}) 6... Nge7 {[%emt 0:16:30]} 7. Bg5 {[%emt 0:03:54]} Qb6 {[%emt 0:03:41]} 8. Nc3 $146 {[%emt 0:01:52]} ({Predecessor:} 8. b3 Ng6 9. c4 Bb4+ 10. Nbd2 dxc4 11. Bxc4 Ngxe5 12. Nxe5 Nxe5 13. Be2 O-O {0-1 (26) Klishina,N-Shumilina,A Nizhnij Novgorod 1999}) 8... a6 {[%emt 0:02:28]} 9. Be3 {[%emt 0:14:03]} Qc7 {[%emt 0:08:39]} 10. Qd2 {[%emt 0:23:04]} Nxe5 {[%emt 0:14:55]} 11. Nxe5 {[%emt 0:00:45]} Qxe5 {[%emt 0:00:08]} 12. O-O-O {[%emt 0:00:28]} h6 {[%emt 0:02:19]} 13. Bf4 {[%emt 0:00:44]} Qh5 {[%emt 0:06:00]} 14. Ne4 {[%emt 0:07:55]} Ng6 {[%emt 0:09:43]} 15. Nd6+ {[%emt 0:03:46]} Bxd6 {[%emt 0:01:50]} 16. Bxd6 {[%emt 0:00:04]} Qg5 {[%emt 0:01:05]} 17. f4 {[%emt 0:00:58]} Qd8 {[%emt 0:00:15]} 18. Bb4 {[%emt 0:01:56]} Ne7 {[%emt 0:01:46]} 19. g4 {[%emt 0:00:33]} O-O {[%emt 0:10:18]} 20. h4 {[%emt 0:00:22]} Re8 {[%emt 0:01:54]} 21. h5 {[%emt 0:00:45]} Nc6 {[%emt 0:02:57]} 22. Bd3 {[%emt 0:04:39]} e5 {[%emt 0:04:57]} 23. f5 {[%emt 0:08:37]} Qg5 {[%emt 0:00:58]} 24. Qxg5 {[%emt 0:02:07]} hxg5 {[%emt 0:00:02]} 25. Ba3 {[%emt 0:00:57]} e4 {[%emt 0:04:12]} 26. Be2 {[%emt 0:00:09]} Ne5 {[%emt 0:00:03]} 27. Rxd5 {[%emt 0:01:02]} Bd7 {[%emt 0:00:01]} 28. Bd6 {[%emt 0:01:19]} f6 {[%emt 0:00:29]} 29. Bxe5 {[%emt 0:00:17]} Bc6 {[%emt 0:00:00]} 30. Rd6 {[%emt 0:00:36]} Rxe5 {[%emt 0:00:11]} 31. Bc4+ {[%emt 0:01:27]} Kh7 {[%emt 0:01:03]} 32. h6 {[%emt 0:02:10]} e3 {[%emt 0:00:06]} 33. Re1 {[%emt 0:02:02]} Bf3 {[%emt 0:01:23]} 34. hxg7 {[%emt 0:01:12]} Kxg7 {[%emt 0:00:07]} 35. Rd7+ {[%emt 0:00:09]} Kh8 {[%emt 0:01:04]} 36. Be2 {[%emt 0:01:50]} Bc6 {[%emt 0:00:01]} 37. Rf7 {[%emt 0:00:20]} Rc8 {[%emt 0:00:28]} 38. Rxf6 {[%emt 0:00:40]} Be4 {[%emt 0:01:08]} 39. c3 {[%emt 0:00:10]} Rd8 {[%emt 0:01:06]} 40. Bc4 {[%emt 0:04:45]} Rd2 {[%emt 0:01:23]} 41. Rxe3 {[%emt 0:30:50]} Rc2+ {[%emt 0:03:39]} 42. Kd1 {[%emt 0:00:00]} Rh2 {[%emt 0:00:15]} 43. Re6 {[%emt 0:00:00]} Rh1+ {[%emt 0:01:54]} 44. Kd2 {[%emt 0:00:00]} Rh2+ {[%emt 0:03:38]} 45. Re2 {[%emt 0:00:00]} Rxe2+ {[%emt 0:00:46]} 46. Kxe2 {[%emt 0:00:00]} Rxe6 {[%emt 0:00:31]} 47. Bxe6 {[%emt 0:00:00]} Kg7 {[%emt 0:00:30]} 48. Ke3 {[%emt 0:00:00]} Bb1 {[%emt 0:02:52]} 49. a3 {[%emt 0:00:00]} b6 {[%emt 0:00:19]} 50. Kd4 {[%emt 0:00:00]} Kf6 {[%emt 0:00:34]} 51. b4 {[%emt 0:00:00]} Bc2 {[%emt 0:00:17]} 52. Bc8 {[%emt 0:00:00]} a5 {[%emt 0:02:32]} 53. bxa5 {[%emt 0:00:00]} bxa5 {[%emt 0:00:01]} 54. c4 {[%emt 0:00:00]} Bd1 {[%emt 0:00:23]} 55. c5 {[%emt 0:00:00]} Bxg4 {[%emt 0:01:57]} 56. c6 {[%emt 0:00:00]} Bf3 {[%emt 0:01:51]} 57. c7 {[%emt 0:00:00]} g4 {[%emt 0:00:20]} 58. Ba6 {[%emt 0:00:00]} 1-0

[Event "DFMMLV 2019"]
[Site "Braunfels"]
[Date "2019.06.23"]
[Round "5.20"]
[White "Gressmann, Hanna"]
[Black "Roesler, Hannah Clara Hed"]
[Result "1-0"]
[WhiteElo "1840"]
[BlackElo "1638"]
[Annotator "NA"]
[PlyCount "115"]
[EventDate "2019.06.20"]
[EventType "team-tourn"]
[EventCountry "GER"]
[SourceTitle "playchess.com"]
[Source "ChessBase"]
[SourceQuality "1"]
[WhiteTeam "Schleswig Holstein"]
[BlackTeam "Wuerttemberg 2"]
[TimeControl "40/5400+30:1800+30"]

1. e4 {[%emt 0:00:00]} c5 {[%emt 0:02:42]} 2. Nc3 {[%emt 0:00:00]} Nc6 {[%emt 0:00:18]} 3. g3 {[%emt 0:00:00]} g6 {[%emt 0:00:34]} 4. Bg2 {[%emt 0:00:00]} Bg7 {[%emt 0:00:25]} 5. d3 {[%emt 0:00:10]} d6 {[%emt 0:00:54]} 6. f4 {[%emt 0:00:16]} e6 {[%emt 0:01:10]} 7. Nf3 {[%emt 0:00:22]} Nge7 {[%emt 0:01:22]} 8. O-O {[%emt 0:00:55]} O-O {[%emt 0:02:33]} 9. Be3 {[%emt 0:00:29]} Nd4 {[%emt 0:01:30]} 10. e5 {[%emt 0:01:55]} Nef5 {[%emt 0:09:30]} 11. Bf2 {[%emt 0:00:31]} Nxf3+ {[%emt 0:02:21]} 12. Qxf3 {[%emt 0:00:22]} Nd4 {[%emt 0:00:31]} 13. Qd1 {[%emt 0:00:09]} dxe5 {[%emt 0:01:40]} 14. fxe5 {[%emt 0:00:15]} Bxe5 {[%emt 0:00:46]} 15. Ne4 {[%emt 0:00:24]} f5 {[%emt 0:09:04]} 16. Nxc5 {[%emt 0:02:59]} Qd6 {[%emt 0:08:16]} 17. Na4 {[%emt 0:15:36]} Rd8 {[%emt 0:07:38]} 18. c3 {[%emt 0:04:37]} Nc6 {[%emt 0:02:58]} 19. d4 {[%emt 0:01:12]} Bg7 {[%emt 0:02:21]} 20. b4 {[%emt 0:02:24]} Rb8 {[%emt 0:07:39]} 21. Nc5 {[%emt 0:08:27]} b6 {[%emt 0:03:24]} 22. Nd3 {[%emt 0:02:21]} Bb7 {[%emt 0:03:12]} 23. Be3 {[%emt 0:04:10]} Qe7 {[%emt 0:02:29]} 24. Qb3 {[%emt 0:02:27]} Kh8 {[%emt 0:03:14]} 25. Rfe1 {[%emt 0:02:44]} Qd7 {[%emt 0:03:47]} 26. Bf4 {[%emt 0:01:58]} e5 {[%emt 0:06:35]} 27. Nxe5 {[%emt 0:03:33]} Nxe5 {[%emt 0:00:29]} 28. Bxe5 {[%emt 0:00:38]} Rbc8 {[%emt 0:02:15]} 29. Bxg7+ {[%emt 0:05:41]} Kxg7 {[%emt 0:00:29]} 30. Rac1 {[%emt 0:01:04]} Bxg2 {[%emt 0:02:04]} 31. Kxg2 {[%emt 0:00:11]} b5 {[%emt 0:00:40]} 32. Kf2 {[%emt 0:04:22]} Re8 {[%emt 0:02:07]} 33. Rxe8 {[%emt 0:02:25]} Rxe8 {[%emt 0:00:16]} 34. Re1 {[%emt 0:01:23]} Re4 {[%emt 0:01:56]} 35. Qc2 {[%emt 0:01:51]} Qf7 {[%emt 0:03:15]} 36. Qb3 {[%emt 0:03:09]} Qe8 {[%emt 0:01:58]} 37. Rxe4 {[%emt 0:03:57]} Qxe4 {[%emt 0:00:41]} 38. Qd1 {[%emt 0:00:37]} Kf6 {[%emt 0:02:45]} 39. Qd2 {[%emt 0:03:39]} g5 {[%emt 0:01:40]} 40. d5 {[%emt 0:02:05]} Ke5 {[%emt 0:01:46]} 41. d6 {[%emt 0:31:12]} Qa8 {[%emt 0:12:27]} 42. d7 {[%emt 0:00:00]} Qd8 {[%emt 0:00:21]} 43. Qe2+ {[%emt 0:00:00]} Kd6 {[%emt 0:01:26]} 44. Qxb5 {[%emt 0:00:00]} Qxd7 {[%emt 0:01:07]} 45. Qxd7+ {[%emt 0:00:00]} Kxd7 {[%emt 0:00:05]} 46. Ke3 {[%emt 0:00:00]} Kc6 {[%emt 0:00:56]} 47. c4 {[%emt 0:00:00]} Kd6 {[%emt 0:01:08]} 48. Kd4 {[%emt 0:00:00]} h5 {[%emt 0:00:14]} 49. c5+ {[%emt 0:00:00]} Ke6 {[%emt 0:00:16]} 50. b5 {[%emt 0:00:00]} f4 {[%emt 0:00:18]} 51. gxf4 {[%emt 0:00:00]} g4 {[%emt 0:00:15]} 52. Ke4 {[%emt 0:00:00]} h4 {[%emt 0:00:22]} 53. f5+ {[%emt 0:00:00]} Kf6 {[%emt 0:00:24]} 54. Kf4 {[%emt 0:00:00]} g3 {[%emt 0:00:18]} 55. hxg3 {[%emt 0:00:00]} h3 {[%emt 0:00:23]} 56. Kf3 {[%emt 0:00:00]} Kxf5 {[%emt 0:00:46]} 57. b6 {[%emt 0:00:00]} h2 {[%emt 0:00:17]} 58. Kg2 {[%emt 0:00:00]} 1-0

[Event "DFMMLV 2019"]
[Site "Braunfels"]
[Date "2019.06.23"]
[Round "5.21"]
[White "Hoeglauer, Jenny"]
[Black "Hielscher, Ursula"]
[Result "1-0"]
[WhiteElo "1703"]
[BlackElo "1796"]
[Annotator "NA"]
[PlyCount "79"]
[EventDate "2019.06.20"]
[EventType "team-tourn"]
[EventCountry "GER"]
[SourceTitle "playchess.com"]
[Source "ChessBase"]
[SourceQuality "1"]
[WhiteTeam "Wuerttemberg 2"]
[BlackTeam "Schleswig Holstein"]
[TimeControl "40/5400+30:1800+30"]

1. e4 {[%emt 0:00:00]} e6 {[%emt 0:00:00]} 2. d4 {[%emt 0:00:00]} d5 {[%emt 0:00:00]} 3. Nc3 {[%emt 0:00:07]} Bb4 {[%emt 0:00:00]} 4. exd5 {[%emt 0:00:40]} exd5 {[%emt 0:00:00]} 5. Bd2 {[%emt 0:02:12]} Nf6 {[%emt 0:01:12]} 6. Nf3 {[%emt 0:01:39]} Bg4 {[%emt 0:00:31]} 7. a3 {[%emt 0:03:09]} Bxc3 {[%emt 0:03:11]} 8. Bxc3 {[%emt 0:00:33]} O-O {[%emt 0:00:11]} 9. Be2 {[%emt 0:05:45]} Re8 {[%emt 0:01:07]} 10. O-O {[%emt 0:00:32]} Ne4 {[%emt 0:03:00]} 11. Bd2 {[%emt 0:07:11]} Qe7 {[%emt 0:06:23]} 12. Ne5 Bxe2 {[%emt 0:00:37]} 13. Qxe2 {[%emt 0:06:29]} Nd7 {[%emt 0:03:35]} 14. Nxd7 {[%emt 0:03:37]} Qxd7 {[%emt 0:00:05]} 15. Qd3 {[%emt 0:00:59]} Re6 {[%emt 0:04:59]} 16. Rfe1 {[%emt 0:03:43]} Rf6 {[%emt 0:07:19]} 17. f3 {[%emt 0:06:08]} Nd6 {[%emt 0:01:09]} 18. Re2 {[%emt 0:03:43]} Qf5 {[%emt 0:05:30]} 19. Qxf5 {[%emt 0:03:39]} Nxf5 {[%emt 0:00:12]} 20. Rae1 {[%emt 0:00:43]} h6 {[%emt 0:00:36]} 21. c3 {[%emt 0:00:37]} Nd6 {[%emt 0:07:30]} 22. Re7 {[%emt 0:01:59]} Nc4 {[%emt 0:00:08]} 23. Bc1 {[%emt 0:00:19]} Rc8 {[%emt 0:02:08]} 24. b3 {[%emt 0:02:28]} Nd6 {[%emt 0:03:24]} 25. Rd7 {[%emt 0:00:45]} Kf8 {[%emt 0:03:45]} 26. Re5 {[%emt 0:10:03]} Re6 {[%emt 0:01:18]} 27. Rxe6 {[%emt 0:05:33]} fxe6 {[%emt 0:00:05]} 28. a4 {[%emt 0:01:24]} Nf5 {[%emt 0:08:41]} 29. Bf4 {[%emt 0:01:17]} Ke8 {[%emt 0:00:09]} 30. Rxc7 {[%emt 0:00:41]} Rxc7 {[%emt 0:00:04]} 31. Bxc7 {[%emt 0:00:03]} Ne3 {[%emt 0:00:10]} 32. Bf4 {[%emt 0:01:47]} Nd1 {[%emt 0:00:53]} 33. Bd2 {[%emt 0:00:29]} Nb2 {[%emt 0:01:00]} 34. Kf1 {[%emt 0:00:29]} e5 {[%emt 0:07:14]} 35. Ke2 {[%emt 0:02:57]} e4 {[%emt 0:00:22]} 36. fxe4 {[%emt 0:00:19]} dxe4 {[%emt 0:00:05]} 37. Ke3 {[%emt 0:00:18]} Nd1+ {[%emt 0:00:28]} 38. Kxe4 {[%emt 0:00:30]} Nf2+ {[%emt 0:00:19]} 39. Kf3 {[%emt 0:00:30]} Nd3 {[%emt 0:04:26]} 40. Ke2 {[%emt 0:01:14]} 1-0

[Event "DFMMLV 2019"]
[Site "Braunfels"]
[Date "2019.06.23"]
[Round "5.22"]
[White "Franzenburg, Maria"]
[Black "Zell, Mirjam"]
[Result "1-0"]
[WhiteElo "1860"]
[BlackElo "1660"]
[Annotator "NA"]
[PlyCount "83"]
[EventDate "2019.06.20"]
[EventType "team-tourn"]
[EventCountry "GER"]
[SourceTitle "playchess.com"]
[Source "ChessBase"]
[SourceQuality "1"]
[WhiteTeam "Schleswig Holstein"]
[BlackTeam "Wuerttemberg 2"]
[TimeControl "40/5400+30:1800+30"]

1. f4 {[%emt 0:00:00]} d5 {[%emt 0:00:48]} 2. g3 {[%emt 0:00:00]} c5 {[%emt 0:01:10]} 3. Bg2 {[%emt 0:00:00]} Nc6 {[%emt 0:00:26]} 4. Nf3 {[%emt 0:00:49]} e6 {[%emt 0:01:07]} 5. O-O {[%emt 0:00:22]} Nf6 {[%emt 0:07:40]} 6. d3 {[%emt 0:01:17]} Be7 {[%emt 0:01:12]} 7. c3 {[%emt 0:00:53]} O-O {[%emt 0:00:35]} 8. a4 {[%emt 0:01:18]} Qc7 {[%emt 0:03:59]} 9. Na3 {[%emt 0:03:16]} a6 {[%emt 0:00:41]} 10. Qe1 {[%emt 0:03:01]} b6 {[%emt 0:12:41]} 11. e4 {[%emt 0:04:24]} dxe4 {[%emt 0:03:58]} 12. dxe4 {[%emt 0:00:06]} Bb7 {[%emt 0:02:22]} 13. Nc4 {[%emt 0:09:15]} Rad8 {[%emt 0:05:13]} 14. f5 {[%emt 0:07:50]} b5 {[%emt 0:05:49]} 15. Bf4 {[%emt 0:05:44]} e5 {[%emt 0:15:03]} 16. Ncxe5 {[%emt 0:04:33]} Nxe5 {[%emt 0:02:21]} 17. Bxe5 {[%emt 0:02:24]} Qc6 {[%emt 0:01:53]} 18. axb5 {[%emt 0:06:15]} axb5 {[%emt 0:03:41]} 19. Nd2 {[%emt 0:08:19]} Rfe8 {[%emt 0:04:51]} 20. Qe2 {[%emt 0:06:54]} c4 {[%emt 0:10:04]} 21. Bd4 {[%emt 0:06:08]} Bc5 {[%emt 0:02:36]} 22. Bxc5 {[%emt 0:02:47]} Qxc5+ {[%emt 0:00:14]} 23. Kh1 {[%emt 0:00:24]} Re7 {[%emt 0:05:25]} 24. Rae1 {[%emt 0:01:06]} Rde8 {[%emt 0:01:33]} 25. Rf4 {[%emt 0:04:36]} Re5 {[%emt 0:03:14]} 26. h3 {[%emt 0:04:00]} Qe7 {[%emt 0:01:14]} 27. Kh2 {[%emt 0:01:09]} Kf8 {[%emt 0:01:41]} 28. Qf2 {[%emt 0:03:00]} Kg8 {[%emt 0:00:51]} 29. Rh4 {[%emt 0:01:53]} Qc7 {[%emt 0:00:43]} 30. Qf4 {[%emt 0:01:37]} Qc5 {[%emt 0:00:05]} 31. g4 {[%emt 0:01:32]} h6 {[%emt 0:00:53]} 32. g5 {[%emt 0:01:59]} Nh5 {[%emt 0:01:07]} 33. Rxh5 {[%emt 0:01:06]} Rxf5 {[%emt 0:00:10]} 34. Qxf5 {[%emt 0:00:41]} Qxf5 {[%emt 0:00:22]} 35. exf5 {[%emt 0:00:09]} Rxe1 {[%emt 0:00:04]} 36. Bxb7 {[%emt 0:00:14]} Re2+ {[%emt 0:00:05]} 37. Bg2 {[%emt 0:00:06]} Rxd2 {[%emt 0:00:04]} 38. gxh6 {[%emt 0:00:31]} gxh6 {[%emt 0:00:28]} 39. Rxh6 {[%emt 0:01:40]} Rxb2 {[%emt 0:00:14]} 40. Rb6 {[%emt 0:00:52]} Rb3 {[%emt 0:01:32]} 41. f6 {[%emt 0:31:45]} Rxc3 {[%emt 0:31:19]} 42. Be4 {[%emt 0:00:19]} 1-0